00448nam a22001337a 450000500170000000800410001704000070005804100080006508200210007310000230009424501310011726000410024870000250028920240305154109.0240305b ||||| |||| 00| 0 eng d cAL aeng 223a332.76bIDEN aMohammed Salim C P aIdentification of Potential Market for Standard Chartered Bank Credit Cards in Information Technology Sector in Bangalore City aMangalorebSt Aloysius Collegec1997 aSALIM (Mohammed C P)